000 00452nam a2200181Ia 4500
001 16071
005 20260306170242.0
008 260306t2023||||xx |||||||||||||| ||und||
041 _aESP
082 _a346.6
_bG23
100 _aGarcía Long, Sergio,
_eAUT
245 0 _aDerecho de contratos y sus circunstancias inesperadas
260 _c2023
300 _a735 páginas :
_c25 cm.
650 _aGEN
654 _aCDE
942 _cLIB
_dJUS
_fJUS
_2ddc
_n
999 _c16071
_d16071